<The> Impacts of Brexit on European Equity Markets

Ucelený popis rizikovej závislosti a vzájomnej závislosti medzi vybranými európskymi akciovými trhmi a akcií Brexitu v období od januára 2000 do Februára 2017. Skúmanie správania kvantíl prostredníctvom použitia kvantilovej regresie. Výsledky poukazujú na významnú previazanosť medzi finančnými trhmi...

Descrizione completa

Salvato in:
Dettagli Bibliografici
Autore principale: Bohdalová, Mária
Altri autori: Greguš, Michal
Natura: Capitolo di libro
Lingua:inglese
Soggetti:
Tags: Aggiungi Tag
Nessun Tag, puoi essere il primo ad aggiungerne!!

MARC

LEADER 00000nla a2200000 4500
001 0242257
005 20240319121954.2
041 0 |a eng 
044 |a CZ 
245 1 0 |a <The> Impacts of Brexit on European Equity Markets  |c Mária Bohdalová, Michal Greguš 
520 |a Ucelený popis rizikovej závislosti a vzájomnej závislosti medzi vybranými európskymi akciovými trhmi a akcií Brexitu v období od januára 2000 do Februára 2017. Skúmanie správania kvantíl prostredníctvom použitia kvantilovej regresie. Výsledky poukazujú na významnú previazanosť medzi finančnými trhmi a neistotou Brexitu. 
610 2 0 |a Veľká Británia 
610 2 0 |a dezintegrácia 
610 2 0 |a trh akciový 
610 2 0 |a trh burzový 
610 2 0 |a akcie 
610 2 0 |a regresia 
610 2 0 |a analýza regresná 
610 2 0 |a teória pravdepodobnosti 
610 2 0 |a metódy štatistické 
610 2 0 |a riziko 
100 1 |a Bohdalová, Mária 
700 1 |a Greguš, Michal